Tretie oko boha Šivu /

Salvato in:
Dettagli Bibliografici
Autore principale: PARNOV, Jeremej (Autore)
Altri autori: BALLOVÁ, Vlasta (Traduttore)
Natura: Libro
Lingua:slovacco
Pubblicazione: Bratislava Mladé letá 1984
Edizione:1. vydanie
Serie:STOPY
Tags: Aggiungi Tag
Nessun Tag, puoi essere il primo ad aggiungerne!!

MARC

LEADER 00000nam a22000003a 4500
001 0101605
003 SK-STU
005 20230428112256.1
007 ta
008 230428s ----xo-----e------000-0-----d
040 |a STU  |b slo 
041 0 |a slo 
044 |a xo 
100 1 |a PARNOV, Jeremej  |4 aut 
245 1 0 |a Tretie oko boha Šivu /  |c aut. Jeremej PARNOV ; prekl. Vlasta BALLOVÁ 
250 |a 1. vydanie 
260 |a Bratislava  |b Mladé letá  |c 1984 
300 |a 585 s. 
490 0 |a STOPY 
700 1 |a BALLOVÁ, Vlasta  |4 trl 
996 |c I* 4SOA13893  |l I  |s A  |a 24  |w 0101605_0001